Quizzes
Events
Quiz Creation
Community
Videos
Private Events
Remove Ads
Sign In
Join for FREE
Feedback
Dark Mode
Quiz Categories
Sports
Geography
Music
Movies
Television
Just For Fun
Miscellaneous
History
Literature
Language
Science
Gaming
Entertainment
Religion
Holiday
For Kids
Quiz Lab
Recent
Popular Today
Quiz Kudos Today
Editor Picks
Curator Picks
Quizzes by...
Day
Popularity
Type
Ratings
Length
Year
Community
Subscriptions
Recent Discussions
Orange Saloon
Badges
Playlists
Quests
Create
Leaderboards
Showdown
Live 5
Trivia Bingo
Activity
Puzzle Library
Sporcle Events
Private Events
Virtual Trivia
Globe League
Become a Host
Pub Owners
SporcleCon
Opinionation
Our Games
Videos
Blog
Mobile Apps
Partnerships
Remove Ads and Go Orange
Feedback
Music
Pop Music
The Beatles
Song
Album
Lyrics
Bands
Singers
Artist
Clip
Rock
Rap
Classical
Billboard
Country Music
Kpop
Taylor Swift
Music
Pop Music
The Beatles
Song
Album
Lyrics
Bands
Singers
Artist
Clip
Rock
Rap
Classical
Billboard
Country Music
Kpop
Taylor Swift
Random Quiz
Search Sporcle
×
Quiz Lab
Quiz Lab
Music
night
Type in answers that appear in a list
Type in answers that appear in a list
Classic
Best Score? Go Orange.
Up All Night - One Direction Stats
Can you name the Up All Night - One Direction ?
By
1DTW4eva
10m
87 Questions
2,271 Plays
2,271 Plays
2,271 Plays
Comments
Comments
Give Quiz Kudos
Give Quiz Kudos
-
- Ratings
hide this ad
Replay
Link that replays current quiz
Next Quiz
Link to next quiz in quiz playlist
You Got
0%
They Got
Avg Score
79%
Avg Friend Score
Upgrade to see
Score Distribution
Jump to the score distribution portion of the page
Score
0/87
Timer
10:00
0
Plays Today
lyrics
lyrics
% Correct
Up , up
All
94.3%
up
all
94.3%
way
all
94.3%
up
all
94.3%
Up,up
all
94.3%
breaking
we
91.8%
Night
the
91%
all
the
91%
night
and
91%
tonight
up
90.4%
stay
up
90.4%
stay
up
90.4%
you
up
90.4%
hey
up
90.4%
hey
up
90.4%
all
night
90.2%
all
night
90.2%
all
night
90.2%
all
night
90.2%
all
night
90.2%
all
night
90.2%
all
night
90.2%
perry's
on
88.3%
night
katy
87.3%
let
it
86.9%
do
it
86.9%
been
living
86%
hope
she
85.5%
i
wanna
85.3%
lyrics
lyrics
% Correct
i
wanna
85.3%
It
feels
85.3%
like
we've
85.3%
replay
she's
85.2%
her
she's
85.2%
dj's
got
85%
we've
got
85%
the
sun
84.5%
we
see
84.4%
on
replay
84.2%
passing
by
83.7%
the
floor
83.7%
the
floor
83.7%
people
going
83.7%
to
shake
83.1%
to
shake
83.1%
and
jump
83.1%
Another
moment
83%
around
until
82.9%
wide
awake
82.8%
the
girl
81.8%
the
one
81.6%
the
way
81.5%
and
tell
81.2%
now
or
80.8%
i'm
still
80.4%
and
find
80.1%
but
it's
79%
in
fast-forward
78.5%
lyrics
lyrics
% Correct
wants
to
77.6%
and
dont
76.9%
going
home
76.8%
that
feeling
76.3%
wanna
stay
75.2%
like
this
73.1%
like
this
73.1%
'bout
this
73.1%
never
nobody's
72.5%
party's
ending
72.3%
out
of
72.3%
the
table
70.5%
kiss
me
70.3%
night
i'm
68.9%
girl
i'm
68.9%
all
with
68.6%
only
want
68.6%
now
get
68.6%
care
about
68.4%
go
cause
68.3%
to
have
68.1%
a
laugh
65.8%
hold
onto
64.8%
dont
even
64.1%
control
i
60.5%
seeing
i
60.5%
only
thinking
60.3%
the
flow
20.4%
back
Chorus x2
4.1%
Quiz Playlist
Details
Report
Send in Message
Add To Playlist
Classic:
Type in answers that appear in a list
Last Updated: Feb 16, 2017
Quiz Scoreboard
CHALLENGE
Sign Up to Join the Scoreboard
Show All
Scores
Hide
Comments
May contain spoilers
Recently Published
9x9 Crossword: Cartoon Network
by jackfrog10
Miscellaneous
3m
College Basketball Coaching Resumes
by pancakes188
Sports
9m
Billboard Blitz: Fleetwood Mac
by CooCooCachoo
Music
15s
More to Explore
Quiz From the Vault
Featured Blog Post
Where Did the Easter Bunny Come From?
hide this ad
You Might Also Like...
Tags
direction
night
One Direction
Today's Top Quizzes in Music
Browse Music
hide this ad
Today's Top Quizzes in night
Browse night
Top Contributed Quizzes in Music
1
Taylor Swift All Songs (2024)
2
Guess the Artist- 70s Songs
3
7-to-1: Billboard Hot 100 #1 Hits of 2010s
4
Sorting Albums and Songs
5
Taylor Swift Logic Puzzle
6
KPOP LOGIC QUIZ
7
Guess the Taylor Swift song (Mystery Song)
8
One Thing in Common: Music
9
2010s Album by Cover III
10
Guess The Taylor Swift Lyrics Song #1
Explore More
Trending Topics
Disney
Harry Potter
Anime
NBA
Marvel
Crossword
Kpop
Song
WWE
Country
Puzzle
NFL
Pokémon
Soccer
The Office
hide this ad
More By:
1DTW4eva
Quiz
Plays
Rating
Category
Featured
Created
One thing - one direction
14,699
3.48
Music
Dec 14, 2011
Up All Night - One Direction
2,271
2.33
Music
Dec 29, 2011
Guess The Wanted Song from the opening lyrics
621
Music
Feb 20, 2012
Guess the Lyrics to The Wanted's Lightning
299
1.33
Music
Feb 20, 2012
Go to Creator's Profile
Score Distribution
Quiz Creator Spotlight
1DTW4eva
Follow
Send a Message
Quizzes Created
-
Created Quiz Play Count
-
More By This Creator
Popular Quizzes Today
1
Find the US States - No Outlines Minefield
2
Find the Countries of Europe - No Outlines Minefield
3
The Countries of the World
4
Find the US States
5
Risky Map Clicking: Biggest States A-Z
6
US States
7
Popular People in 1961
8
Movies - When Are They Set?
More Music Quizzes
Country Music Song Title Match-Up
Published
Trending Quizzes
Risky Map Clicking: Least Populous States A-Z
1-10 Letter G Words
1-10 Letter F Words
Risky Map Clicking: Next State Alphabetically
Adjectives in 80s TV Shows
Recently Updated
Leaping Animals
pecheneg
Reality TV Shows (A-Z)
bhenderson79
Rickey Henderson's Hall of Fame Teammates
pecheneg
Champions League XIs: Arsenal
pecheneg
Quick Pick: Celebrities in WWE's Hall of Fame
aduchscher
A-Z Keypad Blitz II
pecheneg
Multiple Oscar Actors
pecheneg
Mystery Phrase Blitz: Oscar 'Best Actors'
pecheneg
F. Scott Fitzgerald Novels
LTH
Pick 3 Villains
ddd62291
Trending Topics
Harry Potter
Kpop
Disney
Crossword
Marvel
Anime
NBA
Song
Country
Soccer
NFL
Pokémon
Puzzle
The Office
WWE
Your Account Isn't Verified!
In order to create a playlist on Sporcle, you need to verify the email address you used during registration. Go to your
Sporcle Settings
to finish the process.
Report this User
Report this user for behavior that violates our
Community Guidelines
.
Details:
Send Report
Go to the Sporcle.com Mobile Site →
Comments